[Event "Ogolnopolski Integracyjny Turniej Szacho"]
[Site "Osrodek "]
[Date "2012.??.??"]
[Round "3.13"]
[White "Wodas, Pawel"]
[Black "Wojtowicz, Mieczyslaw"]
[Result "1-0"]
[WhiteElo "1898"]
[BlackElo "1716"]
[PlyCount "91"]
[EventDate "2012.??.??"]

1. c4 c5 2. g3 Nf6 3. Bg2 g6 4. Nf3 Bg7 5. d4 cxd4 6. Nxd4 Nc6 7. Nc3 Nxd4 8.
Qxd4 a6 9. Bg5 h6 10. Bd2 O-O 11. Rd1 d6 12. b3 Nd7 13. Qd3 Nc5 14. Qc2 Rb8 15.
O-O Ne6 16. Be3 Re8 17. Nd5 b6 18. Qd2 Kh7 19. h4 Nc5 20. b4 Nd7 21. h5 Ne5 22.
Rc1 Ng4 23. hxg6+ fxg6 24. Bd4 e5 25. Bc3 Nf6 26. Nxf6+ Qxf6 27. f4 Qe7 28. Bd5
Bf5 29. e4 Be6 30. fxe5 dxe5 31. Qe3 Bf6 32. Rc2 b5 33. c5 Rbd8 34. Rcf2 Bxd5
35. exd5 Rf8 36. Qe4 Rde8 37. a3 Bg7 38. Kg2 Rxf2+ 39. Rxf2 a5 40. d6 Qe6 41.
bxa5 Qb3 42. d7 Rd8 43. c6 Qxc3 44. Rc2 Qxa5 45. c7 Rxd7 46. c8=Q 1-0

[Event "Ogolnopolski Integracyjny Turniej Szacho"]
[Site "Osrodek "]
[Date "2012.??.??"]
[Round "3.14"]
[White "Krawczyk, Zbigniew"]
[Black "Kubin, Aleksander"]
[Result "0-1"]
[WhiteElo "1702"]
[BlackElo "1891"]
[PlyCount "84"]
[EventDate "2012.??.??"]

1. c4 Nf6 2. Nc3 e6 3. e4 d5 4. e5 d4 5. exf6 dxc3 6. bxc3 Qxf6 7. d4 Nc6 8.
Nf3 h6 9. Be2 Be7 10. O-O O-O 11. Qd2 b6 12. Qf4 Qxf4 13. Bxf4 Bd6 14. Bxd6
cxd6 15. Rfd1 Na5 16. Rab1 Ba6 17. Nd2 Rac8 18. Bf1 Bxc4 19. Nxc4 Nxc4 20. Rb4
d5 21. Bxc4 Rxc4 22. Rxc4 dxc4 23. a4 Rd8 24. Rb1 Kf8 25. Rb5 Ke7 26. Kf1 Rd6
27. a5 a6 28. Rxb6 Rxb6 29. axb6 Kd7 30. b7 Kc7 31. b8=Q+ Kxb8 32. Ke1 Kb7 33.
Kd1 Kb6 34. Kc2 Kb5 35. Kb2 f6 36. f4 g5 37. g3 g4 38. Ka3 h5 39. Kb2 Kc6 40.
Ka3 Kd5 41. Kb4 f5 42. Ka5 Ke4 0-1

[Event "Ogolnopolski Integracyjny Turniej Szacho"]
[Site "Osrodek "]
[Date "2012.??.??"]
[Round "3.15"]
[White "Miozga, Tomasz"]
[Black "Jasinska-kuzia, Lidia"]
[Result "0-1"]
[WhiteElo "1863"]
[BlackElo "1670"]
[PlyCount "91"]
[EventDate "2012.??.??"]

1. c4 e5 2. Nc3 Nf6 3. g3 d5 4. cxd5 Nxd5 5. Bg2 c6 6. e3 Be7 7. Nge2 O-O 8.
O-O Be6 9. d4 Qc7 10. Bd2 Nd7 11. Rc1 Qb6 12. Na4 Qa6 13. Re1 Rfc8 14. a3 c5
15. e4 N5b6 16. Nxb6 Nxb6 17. d5 Bd7 18. Bc3 Bd6 19. Bf1 c4 20. f4 f6 21. fxe5
fxe5 22. Qd2 Na4 23. Bb4 Qb6+ 24. Kg2 Nc5 25. Rxc4 a5 26. Bxc5 Bxc5 27. Nc3 Bd4
28. Rxc8+ Rxc8 29. Bd3 Rf8 30. Rf1 Rxf1 31. Bxf1 Be3 32. Qc2 Qh6 33. Kh1 Bg4
34. Bg2 Qf6 35. Nb5 Bf3 36. Qc8+ Kf7 37. Qd7+ Kf8 38. Qf5 Be2 39. Qc8+ Kf7 40.
Qd7+ Kg6 41. Nd6 b6 42. Qe8+ Kg5 43. Nf7+ Kg4 44. Nxe5+ Kg5 45. h4+ Kh6 46. g4
0-1

[Event "Ogolnopolski Integracyjny Turniej Szacho"]
[Site "Osrodek "]
[Date "2012.??.??"]
[Round "3.16"]
[White "Kurz, Krzysztof"]
[Black "Rogalski, Krzysztof"]
[Result "0-1"]
[WhiteElo "1640"]
[BlackElo "1854"]
[PlyCount "62"]
[EventDate "2012.??.??"]

1. d4 Nf6 2. c4 e6 3. Nc3 Bb4 4. Bg5 h6 5. Bxf6 Qxf6 6. Nf3 c5 7. e3 Nc6 8. a3
cxd4 9. Nxd4 Bxc3+ 10. bxc3 O-O 11. g3 b6 12. Bg2 Bb7 13. O-O Na5 14. Bxb7 Nxb7
15. Ne2 Rfd8 16. Qd4 Qf3 17. Qd3 Nc5 18. Qc2 Rac8 19. Nd4 Qe4 20. Rfd1 Qxc2 21.
Nxc2 Nb3 22. Rab1 Na5 23. Rd3 Nxc4 24. Rb4 Ne5 25. Rd6 Rxc3 26. Nd4 Nc4 27. Nc6
Nxd6 28. Nxd8 Kf8 29. Rd4 Ke7 30. a4 Rc8 31. Nxf7 Nxf7 0-1

[Event "Ogolnopolski Integracyjny Turniej Szacho"]
[Site "Osrodek "]
[Date "2012.??.??"]
[Round "3.17"]
[White "Dulinski, Stanislaw"]
[Black "Rafalski, Krzysztof"]
[Result "1-0"]
[WhiteElo "1851"]
[BlackElo "1667"]
[PlyCount "49"]
[EventDate "2012.??.??"]

1. e4 e5 2. f4 exf4 3. Nf3 d6 4. d4 g5 5. Bc4 f6 6. O-O Bg4 7. c3 Ne7 8. h3 Bh5
9. a3 c6 10. Ba2 Nd7 11. Nbd2 b5 12. Qb3 Qb6 13. Kh1 O-O-O 14. c4 a6 15. cxb5
axb5 16. a4 Kb7 17. axb5 cxb5 18. Qd3 Bg7 19. Nb3 Ra8 20. Bd2 b4 21. Qc4 Rhc8
22. Qe6 Nf8 23. Qxe7+ Rc7 24. Nc5+ Kb8 25. Qd8+ 1-0

[Event "Ogolnopolski Integracyjny Turniej Szacho"]
[Site "Osrodek "]
[Date "2012.??.??"]
[Round "3.18"]
[White "Krzystala, Henryk"]
[Black "Zaleski, Jan"]
[Result "1-0"]
[WhiteElo "1621"]
[BlackElo "1851"]
[PlyCount "45"]
[EventDate "2012.??.??"]

1. Nf3 c5 2. c3 e6 3. g3 b6 4. Bg2 Bb7 5. O-O Nf6 6. d3 Be7 7. e4 d6 8. Re1 O-O
9. Nbd2 Qc7 10. d4 Nbd7 11. e5 dxe5 12. dxe5 Nd5 13. a3 b5 14. c4 bxc4 15. Nxc4
N7b6 16. Qc2 Nxc4 17. Qxc4 Nb6 18. Qg4 g6 19. h4 h5 20. Qf4 Rfd8 21. Ng5 Bf8
22. Bxb7 Qxb7 23. Qe4 1-0

[Event "Ogolnopolski Integracyjny Turniej Szacho"]
[Site "Osrodek "]
[Date "2012.??.??"]
[Round "3.20"]
[White "Barnowski, Sylwester"]
[Black "Radwan, Jan"]
[Result "1-0"]
[WhiteElo "1831"]
[BlackElo "1618"]
[PlyCount "118"]
[EventDate "2012.??.??"]

1. d4 Nf6 2. c4 c6 3. Nc3 d5 4. Bg5 Ne4 5. Nxe4 dxe4 6. g3 Bf5 7. Bg2 h6 8. Bd2
Nd7 9. e3 e5 10. Qb3 Qc7 11. Ne2 Be7 12. Bb4 c5 13. dxc5 Bxc5 14. O-O O-O 15.
Bxc5 Nxc5 16. Qc2 Rac8 17. Nc3 Qc6 18. Nd5 Rfe8 19. Nc3 Nd3 20. b3 a6 21. Rad1
Qg6 22. a4 Nb4 23. Qd2 Nd3 24. Nd5 h5 25. Nb4 Rcd8 26. Nxd3 Rxd3 27. Qb2 h4 28.
Rxd3 exd3 29. Re1 hxg3 30. fxg3 Qb6 31. b4 e4 32. c5 Qc6 33. a5 Bg4 34. h3 Be2
35. Qd2 Qg6 36. Kh2 Re5 37. Bf1 Rg5 38. Bxe2 dxe2 39. g4 Qf6 40. Rxe2 Qe5+ 41.
Kg2 Rg6 42. Qd8+ Kh7 43. Qd4 Qe6 44. Rf2 f5 45. Kg3 fxg4 46. h4 Rh6 47. Rf4 Rf6
48. Qxe4+ Kg8 49. Qxe6+ Rxe6 50. e4 g6 51. Rxg4 Kf7 52. Kf4 Kf6 53. Rg5 Kf7 54.
Rd5 Ke7 55. Rd6 Kf6 56. Rxe6+ Kxe6 57. Kg5 Kf7 58. e5 Ke6 59. Kxg6 Kxe5 1-0

[Event "Ogolnopolski Integracyjny Turniej Szacho"]
[Site "Osrodek "]
[Date "2012.??.??"]
[Round "3.22"]
[White "Panczuk, Boleslaw"]
[Black "Prokopczuk, Antoni"]
[Result "1-0"]
[WhiteElo "1406"]
[BlackElo "1748"]
[PlyCount "59"]
[EventDate "2012.??.??"]

1. e4 e5 2. Nf3 Nc6 3. Bb5 d6 4. O-O Bd7 5. c3 Nf6 6. Re1 a6 7. Ba4 Ne7 8. Bb3
Ng6 9. d4 Be7 10. Nbd2 O-O 11. Nf1 h6 12. Ng3 a5 13. a4 Qc8 14. Bc2 Nh7 15. Nf5
Bf6 16. Be3 Ne7 17. Nxe7+ Bxe7 18. dxe5 Bg4 19. exd6 Bxd6 20. h3 Bh5 21. Bc1
Qe6 22. Qd3 Rad8 23. Qe3 b6 24. e5 Bxf3 25. exd6 Bb7 26. Qxe6 fxe6 27. dxc7
Rde8 28. Be3 Nf6 29. Bxb6 Nd5 30. Bxa5 1-0

[Event "Ogolnopolski Integracyjny Turniej Szacho"]
[Site "Osrodek "]
[Date "2012.??.??"]
[Round "3.24"]
[White "Kowalczyk, Lucjan"]
[Black "Jurkiewicz, Kazimierz"]
[Result "1-0"]
[WhiteElo "2103"]
[BlackElo "1468"]
[PlyCount "33"]
[EventDate "2012.??.??"]

1. e4 e5 2. d4 exd4 3. Nf3 b6 4. Nxd4 Ba6 5. Bxa6 Nxa6 6. Qe2 Nc5 7. Nc3 c6 8.
Be3 Qc7 9. b4 Nb7 10. a3 Qe5 11. f4 Qc7 12. O-O Be7 13. Nf5 Bf8 14. Bd4 f6 15.
e5 O-O-O 16. Qa6 Kb8 17. Rad1 1-0

[Event "Ogolnopolski Integracyjny Turniej Szacho"]
[Site "Osrodek "]
[Date "2012.??.??"]
[Round "3.25"]
[White "Borowski, Jaroslaw"]
[Black "Juraszewski, Mieczyslaw"]
[Result "1-0"]
[WhiteElo "1977"]
[BlackElo "1726"]
[PlyCount "101"]
[EventDate "2012.??.??"]

1. Nf3 Nf6 2. c4 e6 3. b3 d5 4. Bb2 c6 5. g3 Be7 6. Bg2 Nbd7 7. O-O b6 8. d3
O-O 9. Nbd2 Bb7 10. Rc1 Rb8 11. Rc2 c5 12. e3 Re8 13. Qa1 Bd6 14. d4 cxd4 15.
exd4 Rc8 16. Rfc1 h6 17. Ne5 Bf8 18. Qb1 Ba8 19. Rd1 Qe7 20. Qc1 Red8 21. Ndf3
Rc7 22. cxd5 Rxc2 23. Qxc2 Bxd5 24. Nc6 Bxc6 25. Qxc6 Nb8 26. Qc2 Nd5 27. Rc1
Rd7 28. Ne5 Rc7 29. Qd2 Rxc1+ 30. Qxc1 Qd8 31. Be4 Be7 32. Bb1 Qc7 33. Qd2 Bb4
34. Qd3 Nf6 35. a3 Be7 36. h3 Nbd7 37. Qf3 Nf8 38. Qa8 Nd5 39. Kg2 a5 40. Be4
Nc3 41. Bc6 Nb1 42. Be8 Nxa3 43. Bxf7+ Kh7 44. Ng6 Qd6 45. Nxf8+ Bxf8 46. Qe4+
Kh8 47. Bxe6 Nb5 48. Bc4 Nc7 49. Bd3 g6 50. Qxg6 Qxg6 51. Bxg6 1-0

[Event "Ogolnopolski Integracyjny Turniej Szacho"]
[Site "Osrodek "]
[Date "2012.??.??"]
[Round "3.26"]
[White "Debowski, Stanislaw"]
[Black "Szynwelski, Ryszard"]
[Result "0-1"]
[WhiteElo "1741"]
[BlackElo "1414"]
[PlyCount "44"]
[EventDate "2012.??.??"]

1. d4 d5 2. e3 e6 3. Nf3 Ne7 4. Bd3 Ng6 5. O-O c5 6. c3 c4 7. Bc2 b5 8. a3 Nc6
9. Re1 a5 10. Nbd2 a4 11. e4 Nce7 12. exd5 Nxd5 13. g3 Bd6 14. Ne4 Be7 15. Nfg5
f6 16. Qh5 fxg5 17. Nxg5 Bxg5 18. Bxg6+ hxg6 19. Qxh8+ Kf7 20. Qh7 Bb7 21. h4
Bxc1 22. Raxc1 Nf6 0-1

[Event "Ogolnopolski Integracyjny Turniej Szacho"]
[Site "Osrodek "]
[Date "2012.??.??"]
[Round "3.27"]
[White "Budnik, Kazimierz"]
[Black "Kolcz, Jozef"]
[Result "1-0"]
[WhiteElo "1423"]
[BlackElo "1629"]
[PlyCount "49"]
[EventDate "2012.??.??"]

1. e4 g6 2. Bc4 e6 3. e5 d5 4. exd6 Bxd6 5. Nf3 c6 6. a3 b5 7. Be2 f5 8. d4 h6
9. Nc3 Bb7 10. Ne5 Bxe5 11. dxe5 Qxd1+ 12. Nxd1 g5 13. Bh5+ Kf8 14. Bd2 a5 15.
Ne3 Nd7 16. Bc3 c5 17. O-O Ne7 18. Rfd1 Nb6 19. Rd6 Nbd5 20. Rxe6 Nxe3 21. fxe3
Nd5 22. Bd2 Ra6 23. Rxa6 Bxa6 24. Bf3 Ne7 25. Bxa5 1-0

[Event "Ogolnopolski Integracyjny Turniej Szacho"]
[Site "Osrodek "]
[Date "2012.??.??"]
[Round "3.28"]
[White "Zatylny, Jan"]
[Black "Ostrowski, Michal"]
[Result "1-0"]
[WhiteElo "1614"]
[BlackElo "1418"]
[PlyCount "59"]
[EventDate "2012.??.??"]

1. d4 Nf6 2. c4 e6 3. a3 c5 4. Qd3 Nc6 5. e3 d5 6. Nf3 Qc7 7. cxd5 exd5 8. dxc5
Bxc5 9. b4 Bd6 10. Bb2 Ne5 11. Bxe5 Bxe5 12. Nxe5 Qxe5 13. Qc3 Qe6 14. Bb5+ Bd7
15. Bxd7+ Qxd7 16. O-O O-O 17. Rd1 a6 18. Qb3 b5 19. Nc3 Qe6 20. Nxd5 Kh8 21.
f3 Rac8 22. Qd3 Nxd5 23. Qxd5 Qxe3+ 24. Kh1 Qe6 25. Qxe6 fxe6 26. Rd6 e5 27.
Rxa6 Rf6 28. Ra5 Rb6 29. Re1 Re8 30. Rxe5 1-0

[Event "Ogolnopolski Integracyjny Turniej Szacho"]
[Site "Osrodek "]
[Date "2012.??.??"]
[Round "3.30"]
[White "Woronowicz, Zbigniew"]
[Black "Krupecka-czarkowska, Danuta"]
[Result "1-0"]
[WhiteElo "1554"]
[BlackElo "1364"]
[PlyCount "57"]
[EventDate "2012.??.??"]

1. Nf3 d6 2. c4 e6 3. d4 Be7 4. Bf4 Nc6 5. Nc3 Nf6 6. g3 Nh5 7. Bd2 Nf6 8. Bg2
b6 9. O-O d5 10. cxd5 exd5 11. Re1 a5 12. Qc2 Nb4 13. Qb1 Bd7 14. a3 Nc6 15.
Ne5 Nxe5 16. dxe5 Ng4 17. Bxd5 c6 18. Bg2 Nxe5 19. e4 Qc7 20. Nb5 cxb5 21. f4
Nc6 22. e5 Bc5+ 23. Kh1 O-O-O 24. b4 axb4 25. axb4 Be7 26. Qa2 Qa7 27. Bxc6
Bxc6+ 28. Kg1 Rxd2 29. Qxa7 1-0

[Event "Ogolnopolski Integracyjny Turniej Szacho"]
[Site "Osrodek "]
[Date "2012.??.??"]
[Round "3.32"]
[White "Przybylak, Gabriela"]
[Black "Tomczyk, Ryszard"]
[Result "0-1"]
[WhiteElo "1410"]
[BlackElo "1431"]
[PlyCount "56"]
[EventDate "2012.??.??"]

1. d4 Nf6 2. g3 g6 3. Bg2 d5 4. Nf3 Bg7 5. c3 O-O 6. a3 b6 7. Bf4 Nh5 8. Be3
Nf6 9. Nbd2 Bb7 10. b4 Nbd7 11. O-O Ng4 12. Bf4 f6 13. Nb3 e5 14. Bc1 e4 15.
Nh4 Nh6 16. Bh3 f5 17. f4 exf3 18. Nxf3 Nf7 19. Bf4 g5 20. Bd2 g4 21. Qe1 gxh3
22. Nh4 Nd6 23. Nf3 Ne4 24. Nh4 Nd6 25. Qc1 Rf7 26. a4 Qf8 27. b5 Re8 28. Bf4
Rxe2 0-1

[Event "Ogolnopolski Integracyjny Turniej Szacho"]
[Site "Osrodek "]
[Date "2012.??.??"]
[Round "4.1"]
[White "Jelen, Janusz"]
[Black "Kiedrowicz, Jan"]
[Result "0-1"]
[WhiteElo "1991"]
[BlackElo "2298"]
[PlyCount "42"]
[EventDate "2012.??.??"]

1. d4 g6 2. c4 Bg7 3. Nc3 d6 4. e4 c6 5. f4 Qb6 6. e5 Nh6 7. Na4 Qc7 8. Nf3 O-O
9. Be2 c5 10. exd6 exd6 11. dxc5 dxc5 12. O-O Nc6 13. Nc3 Nf5 14. Nd5 Qd8 15.
Bd3 Be6 16. Be4 Nd6 17. Bd3 Nd4 18. Ne3 a6 19. Kh1 b5 20. cxb5 axb5 21. Bb1 Nb3
0-1

[Event "Ogolnopolski Integracyjny Turniej Szacho"]
[Site "Osrodek "]
[Date "2012.??.??"]
[Round "4.2"]
[White "Staruch, Roman"]
[Black "Bakalarz, Leszek"]
[Result "0-1"]
[WhiteElo "1957"]
[BlackElo "2161"]
[PlyCount "98"]
[EventDate "2012.??.??"]

1. e4 c5 2. Nf3 d6 3. c3 Nf6 4. Be2 Bd7 5. d3 Nc6 6. O-O g6 7. Nbd2 Bg7 8. d4
cxd4 9. cxd4 O-O 10. Re1 e5 11. d5 Ne7 12. Qb3 b5 13. Qb4 Qb6 14. Bf1 a5 15.
Qb3 Qc5 16. Qd3 a4 17. b4 Qa7 18. a3 Ng4 19. Qe2 f5 20. h3 Nf6 21. Ng5 Qd4 22.
Rb1 fxe4 23. Ne6 Bxe6 24. dxe6 Rab8 25. Nxe4 Nxe4 26. Qxe4 Qxf2+ 27. Kh2 d5 28.
Qe3 e4 29. Qxf2 Rxf2 30. Be3 Rf6 31. Bd4 Rxe6 32. Rbd1 Bxd4 33. Rxd4 Rc6 34.
Be2 Rc3 35. Bg4 Rb6 36. Ra1 Kg7 37. Kg1 h5 38. Be2 Kf6 39. Rdd1 Ke5 40. Rdc1
Rxc1+ 41. Rxc1 Nf5 42. Kf2 h4 43. Rc5 Nd6 44. Ke1 Nc4 45. Bxc4 bxc4 46. Ra5 c3
47. Rc5 Kd4 48. Kd1 Rf6 49. Ke2 e3 0-1

[Event "Ogolnopolski Integracyjny Turniej Szacho"]
[Site "Osrodek "]
[Date "2012.??.??"]
[Round "4.3"]
[White "Strojek, Kazimierz"]
[Black "Krasowski, Slawomir"]
[Result "0-1"]
[WhiteElo "1737"]
[BlackElo "1999"]
[PlyCount "62"]
[EventDate "2012.??.??"]

1. e4 e6 2. d4 d5 3. Nd2 c5 4. Ngf3 Nc6 5. Bb5 a6 6. Bxc6+ bxc6 7. c3 a5 8. O-O
Ba6 9. Re1 Bd3 10. Ne5 dxe4 11. Nxe4 Bxe4 12. Rxe4 Qd5 13. Re1 cxd4 14. cxd4
Bb4 15. Re2 Ne7 16. Be3 O-O 17. a3 Bd6 18. Nf3 Rab8 19. Rc1 Rb3 20. Nd2 Rxb2
21. Nc4 Rxe2 22. Qxe2 Rb8 23. Qd2 Rb5 24. Qc3 Bc7 25. Nd2 h6 26. f3 Nf5 27. Nc4
Nxe3 28. Nxe3 Qh5 29. Nf1 Bb6 30. Kh1 Qd5 31. Rd1 Rb3 0-1

[Event "Ogolnopolski Integracyjny Turniej Szacho"]
[Site "Osrodek "]
[Date "2012.??.??"]
[Round "4.4"]
[White "Dembowski, Andrzej"]
[Black "Najdzionek, Boleslaw"]
[Result "1/2-1/2"]
[WhiteElo "1911"]
[BlackElo "1921"]
[PlyCount "52"]
[EventDate "2012.??.??"]

1. Nf3 Nf6 2. g3 g6 3. Bg2 Bg7 4. d3 d5 5. O-O O-O 6. c3 c5 7. Nbd2 Nc6 8. Re1
e5 9. e4 d4 10. cxd4 cxd4 11. Nc4 Bg4 12. h3 Bxf3 13. Bxf3 b5 14. Nd2 Rc8 15.
a3 h5 16. h4 Qd6 17. b4 Ne7 18. Nb3 Nd7 19. Bd2 Rc7 20. Bg2 Nc8 21. Bh3 Ncb6
22. Rf1 Na4 23. f4 exf4 24. gxf4 Nc3 25. Qf3 f6 26. Qf2 Rd8 1/2-1/2

[Event "Ogolnopolski Integracyjny Turniej Szacho"]
[Site "Osrodek "]
[Date "2012.??.??"]
[Round "4.5"]
[White "Szczepaniec, Stanislaw"]
[Black "Wojcieszyn, Jacenty"]
[Result "0-1"]
[WhiteElo "2052"]
[BlackElo "2240"]
[PlyCount "54"]
[EventDate "2012.??.??"]

1. e4 c5 2. Nc3 Nc6 3. f4 g6 4. Nf3 Bg7 5. Bc4 d6 6. O-O e6 7. d3 Nge7 8. Qe1
a6 9. f5 gxf5 10. Ng5 Ne5 11. exf5 exf5 12. Bf4 O-O 13. Qh4 h6 14. Nf3 N7g6 15.
Qg3 Kh7 16. Rae1 Be6 17. Bd5 Rb8 18. h4 b5 19. Bg5 Nxf3+ 20. Rxf3 hxg5 21. Bxe6
Bd4+ 22. Kh1 fxe6 23. Rxe6 Be5 24. Rxe5 Nxe5 25. hxg5 Nxf3 26. gxf3 Kg7 27. Nd5
Rh8+ 0-1

[Event "Ogolnopolski Integracyjny Turniej Szacho"]
[Site "Osrodek "]
[Date "2012.??.??"]
[Round "4.6"]
[White "Pioch, Zygmunt"]
[Black "Szydlowski, Wiktor"]
[Result "1/2-1/2"]
[WhiteElo "2120"]
[BlackElo "1835"]
[PlyCount "76"]
[EventDate "2012.??.??"]

1. e4 e5 2. Nf3 Nc6 3. Bb5 Bc5 4. c3 Nf6 5. d3 d6 6. O-O O-O 7. h3 Ne7 8. d4
exd4 9. cxd4 Bb6 10. Nc3 c6 11. Bd3 Ng6 12. Re1 Re8 13. Bg5 h6 14. Be3 Bc7 15.
Qc2 Nh5 16. e5 Ngf4 17. Be4 d5 18. Bxf4 Nxf4 19. Bh7+ Kh8 20. Bf5 Ne6 21. Qd2
Ba5 22. Rac1 Bb6 23. Bb1 Qe7 24. Qd3 g6 25. Qe3 Kg7 26. a3 Bd8 27. h4 Kh7 28.
h5 Ng7 29. hxg6+ fxg6 30. Ne2 Rf8 31. Ng3 Bg4 32. Nh2 Qe6 33. Nxg4 Qxg4 34. Qd3
Ne6 35. Ne2 Bh4 36. g3 Rf3 37. Qxg6+ Qxg6 38. Bxg6+ Kxg6 1/2-1/2

[Event "Ogolnopolski Integracyjny Turniej Szacho"]
[Site "Osrodek "]
[Date "2012.??.??"]
[Round "4.8"]
[White "Krawcewicz, Lucyna"]
[Black "Barnowski, Sylwester"]
[Result "1-0"]
[WhiteElo "1948"]
[BlackElo "1831"]
[PlyCount "87"]
[EventDate "2012.??.??"]

1. d4 e6 2. e4 c5 3. Nf3 Nf6 4. e5 Nd5 5. c4 Nc7 6. d5 exd5 7. cxd5 d6 8. Nc3
Bf5 9. Be2 Be7 10. O-O O-O 11. Bf4 dxe5 12. Nxe5 Bd6 13. g4 f6 14. Nd3 Bxd3 15.
Bxd6 Bxe2 16. Bxc7 Bxd1 17. Bxd8 Rxd8 18. Raxd1 Nd7 19. Rfe1 Ne5 20. Re4 Rd7
21. Kg2 Rad8 22. Kg3 a6 23. f4 Nf7 24. b3 Nd6 25. Re6 f5 26. gxf5 Nxf5+ 27. Kg4
Nd6 28. Rde1 Kf7 29. R1e5 b5 30. h4 Ra8 31. Kf3 Rb8 32. Ke2 c4 33. bxc4 bxc4
34. Ke3 g6 35. h5 Nf5+ 36. Kd2 Rd6 37. hxg6+ hxg6 38. Rxf5+ gxf5 39. Rxd6 Rb2+
40. Ke3 Rh2 41. Kd4 Rf2 42. Kxc4 Rxf4+ 43. Kc5 Rf3 44. Kd4 1-0

[Event "Ogolnopolski Integracyjny Turniej Szacho"]
[Site "Osrodek "]
[Date "2012.??.??"]
[Round "4.10"]
[White "Korycki, Jozef"]
[Black "Relidzynski, Tadeusz"]
[Result "0-1"]
[WhiteElo "1737"]
[BlackElo "1913"]
[PlyCount "48"]
[EventDate "2012.??.??"]

1. e4 c5 2. Nf3 d6 3. Bc4 Nc6 4. O-O e6 5. c3 Nf6 6. d3 Be7 7. Re1 O-O 8. Bb3
a6 9. d4 Qc7 10. Bc2 cxd4 11. cxd4 e5 12. d5 Nb4 13. Bb3 a5 14. a3 Na6 15. Nc3
Rb8 16. h3 b5 17. Bg5 h6 18. Bh4 b4 19. Nb1 Nc5 20. Nbd2 Ba6 21. Re3 bxa3 22.
bxa3 Nxb3 23. Rxb3 Rxb3 24. Nxb3 Nxe4 0-1

[Event "Ogolnopolski Integracyjny Turniej Szacho"]
[Site "Osrodek "]
[Date "2012.??.??"]
[Round "4.11"]
[White "Karolak, Jan"]
[Black "Chmielowski, Stefan"]
[Result "1/2-1/2"]
[WhiteElo "1906"]
[BlackElo "1677"]
[PlyCount "51"]
[EventDate "2012.??.??"]

1. Nf3 Nf6 2. g3 d6 3. Bg2 c6 4. d4 g6 5. c3 Bg7 6. O-O a5 7. Re1 O-O 8. e4 Bg4
9. h3 Bxf3 10. Bxf3 Nbd7 11. Be3 Qc7 12. Nd2 e5 13. Rc1 Rfe8 14. Qc2 Rab8 15.
a4 Qc8 16. Nc4 Qc7 17. Nd2 b5 18. axb5 Rxb5 19. b3 Reb8 20. Bd1 Ne8 21. Qd3 Qc8
22. Kh2 Nc7 23. Nc4 Qf8 24. Ra1 Ra8 25. Bc1 c5 26. d5 1/2-1/2

[Event "Ogolnopolski Integracyjny Turniej Szacho"]
[Site "Osrodek "]
[Date "2012.??.??"]
[Round "4.13"]
[White "Kubin, Aleksander"]
[Black "Krzystala, Henryk"]
[Result "1-0"]
[WhiteElo "1891"]
[BlackElo "1621"]
[PlyCount "93"]
[EventDate "2012.??.??"]

1. e4 c5 2. Nc3 e6 3. f4 Nc6 4. Nf3 Be7 5. Bc4 Nf6 6. e5 Nh5 7. d3 g6 8. Be3 d5
9. exd6 Qxd6 10. Ne4 Qc7 11. Qd2 b6 12. Qc3 O-O 13. g3 f5 14. Neg5 Qd6 15. O-O
Bf6 16. Qb3 Ng7 17. Bd2 Nd4 18. Nxd4 Bxd4+ 19. Kg2 Bb7+ 20. Kh3 Bd5 21. Rae1
Bxc4 22. Qxc4 Qd5 23. Qxd5 exd5 24. c3 Bf6 25. Nf3 Rfe8 26. Kg2 Rac8 27. Rxe8+
Rxe8 28. Kf2 Kf7 29. d4 c4 30. Ne5+ Ke6 31. Nc6 Ra8 32. Re1+ Kf7 33. Kf3 a6 34.
Nb4 b5 35. Nxd5 Rc8 36. a3 Ne8 37. h3 h5 38. Nb4 Ra8 39. Nc6 Nd6 40. g4 Ne4 41.
Re2 Ke6 42. Be1 Kd5 43. g5 Bxg5 44. Nb4+ Kd6 45. fxg5 a5 46. Nc2 Kd7 47. h4 1-0

[Event "Ogolnopolski Integracyjny Turniej Szacho"]
[Site "Osrodek "]
[Date "2012.??.??"]
[Round "4.14"]
[White "Rogalski, Krzysztof"]
[Black "Panczuk, Boleslaw"]
[Result "1-0"]
[WhiteElo "1854"]
[BlackElo "1406"]
[PlyCount "93"]
[EventDate "2012.??.??"]

1. d4 d5 2. c4 e6 3. Nf3 Nf6 4. Nc3 Be7 5. Bf4 c5 6. dxc5 Bxc5 7. e3 Be7 8. Qc2
O-O 9. Rd1 Bb4 10. Bd3 Qa5 11. O-O dxc4 12. Bxc4 Nc6 13. Bg5 Be7 14. a3 a6 15.
Rd3 b5 16. b4 Qc7 17. Bb3 Bb7 18. Bxf6 Bxf6 19. Ne4 Rac8 20. Nxf6+ gxf6 21. Rc3
Qe7 22. Rc5 f5 23. Qb2 Nb8 24. Rfc1 Nd7 25. Rxc8 Bxc8 26. Qd4 Re8 27. Qf4 Qf6
28. Qg5+ Qxg5 29. Nxg5 h6 30. Nf3 Bb7 31. Rc7 Bxf3 32. Rxd7 Bc6 33. Rc7 Be4 34.
f3 Bd3 35. Rd7 Bc4 36. Bxc4 bxc4 37. Rc7 Rd8 38. Rxc4 Rd1+ 39. Kf2 Rd6 40. Ke2
Kf8 41. a4 Ke8 42. b5 axb5 43. axb5 Kd7 44. Rd4 Rxd4 45. exd4 Kc7 46. Kd3 Kb6
47. Kc4 1-0

[Event "Ogolnopolski Integracyjny Turniej Szacho"]
[Site "Osrodek "]
[Date "2012.??.??"]
[Round "4.16"]
[White "Przybylowicz, Kazimierz"]
[Black "Borowski, Jaroslaw"]
[Result "0-1"]
[WhiteElo "1732"]
[BlackElo "1977"]
[PlyCount "70"]
[EventDate "2012.??.??"]

1. e4 e6 2. d4 d5 3. exd5 exd5 4. Nf3 Bg4 5. Bd3 Nc6 6. c3 Qd7 7. b4 O-O-O 8.
O-O Re8 9. Nbd2 Bd6 10. a4 h5 11. Qc2 Nge7 12. a5 h4 13. b5 Nd8 14. c4 dxc4 15.
Qxc4 Be6 16. Qc2 Nd5 17. Nc4 Nb4 18. Nb6+ axb6 19. axb6 Ndc6 20. bxc6 Qxc6 21.
Qxc6 bxc6 22. b7+ Kxb7 23. Rd1 Nxd3 24. Rxd3 f6 25. Be3 Bd5 26. Ne1 Ra8 27.
Rdd1 Rxa1 28. Rxa1 Be4 29. f3 Bg6 30. Rd1 h3 31. g3 Ra8 32. Bf2 Ra3 33. g4 Bb4
34. f4 Be4 35. g5 f5 0-1

[Event "Ogolnopolski Integracyjny Turniej Szacho"]
[Site "Osrodek "]
[Date "2012.??.??"]
[Round "4.17"]
[White "Szynwelski, Ryszard"]
[Black "Zinczuk, Leon"]
[Result "0-1"]
[WhiteElo "1414"]
[BlackElo "1907"]
[PlyCount "59"]
[EventDate "2012.??.??"]

1. e4 c5 2. g3 Nc6 3. Bg2 g6 4. Nf3 Bg7 5. d3 Rb8 6. Nbd2 b5 7. O-O Nh6 8. Re1
O-O 9. Nf1 f5 10. e5 Nf7 11. Bf4 e6 12. h4 h6 13. Qd2 Kh7 14. N1h2 d6 15. d4
Nxd4 16. Nxd4 cxd4 17. Nf3 Qb6 18. Rad1 Qc5 19. Re2 dxe5 20. b4 Qd6 21. Qxd4
Qxd4 22. Nxd4 exf4 23. Nxe6 Bxe6 24. Rxe6 fxg3 25. fxg3 Ne5 26. Ra6 Rf7 27. Kf1
Re7 28. Ra3 Rbe8 29. Rd5 Nc4 30. Rdd3 0-1

[Event "Ogolnopolski Integracyjny Turniej Szacho"]
[Site "Osrodek "]
[Date "2012.??.??"]
[Round "4.18"]
[White "Janocha, Jan"]
[Black "Zieba, Teofil"]
[Result "0-1"]
[WhiteElo "1832"]
[BlackElo "1772"]
[PlyCount "67"]
[EventDate "2012.??.??"]

1. e4 c5 2. f4 d6 3. Nf3 Nc6 4. Bc4 e6 5. c3 Nf6 6. e5 dxe5 7. fxe5 Nd7 8. d4
Nb6 9. Bb3 Be7 10. Be3 cxd4 11. cxd4 O-O 12. O-O Na5 13. Nc3 Nxb3 14. Qxb3 Qd7
15. Rad1 Rd8 16. Bg5 h6 17. Bxe7 Qxe7 18. Ne4 Bd7 19. Nd6 Bc6 20. Nd2 Rf8 21.
Rf2 Ba4 22. Qf3 Bxd1 23. Qxd1 Rad8 24. N2e4 Nd5 25. h3 b6 26. Kh2 f6 27. Qd2
fxe5 28. dxe5 Rxf2 29. Nxf2 Rf8 30. Nfe4 Rf1 31. Ng3 Rf8 32. Nge4 Qc7 33. b3
Rf1 34. Nc4 0-1

[Event "Ogolnopolski Integracyjny Turniej Szacho"]
[Site "Osrodek "]
[Date "2012.??.??"]
[Round "4.20"]
[White "Radwan, Jan"]
[Black "Kowalczyk, Lucjan"]
[Result "0-1"]
[WhiteElo "1618"]
[BlackElo "2103"]
[PlyCount "40"]
[EventDate "2012.??.??"]

1. b4 e5 2. Bb2 Nf6 3. b5 Bd6 4. c4 O-O 5. c5 Bxc5 6. Bxe5 Re8 7. Bg3 Ne4 8. e3
Qf6 9. d4 Bb4+ 10. Ke2 a6 11. Nf3 Nxg3+ 12. hxg3 axb5 13. Qb3 Bd6 14. Qxb5 b6
15. Ke1 Nc6 16. Rh4 Nb4 17. Bd3 g6 18. Nbd2 Ba6 19. Qg5 Qxg5 20. Nxg5 Bxd3 0-1